书目信息 |
| 题名: |
企业标准自我声明公开实践指南
|
|
| 作者: | 杨晓峰 主编 | |
| 分册: | ||
| 出版信息: | 北京 中国标准出版社 2018.09 |
|
| 页数: | 259页 | |
| 开本: | 24cm | |
| 丛书名: | ||
| 单 册: | ||
| 中图分类: | F273.1-62 | |
| 科图分类: | ||
| 主题词: | 企业管理--qi ye guan li--标准化管理--指南 | |
| 电子资源: | ||
| ISBN: | 978-7-5066-9059-1 | |
| 000 | 01268nam0 2200265 450 | |
| 001 | CAL 0120182593329 | |
| 005 | 20181110122951. | |
| 010 | @a978-7-5066-9059-1@dCNY58.00 | |
| 100 | @a20181109d2018 em y0chiy50 ea | |
| 101 | 0 | @achi |
| 102 | @aCN@b110000 | |
| 105 | @aak a 000yy | |
| 106 | @ar | |
| 200 | 1 | @a企业标准自我声明公开实践指南@Aqi ye biao zhun zi wo sheng ming gong kai shi jian zhi nan@d= Practical guidelines for enterprise standards self-declaration disclosure@f主编杨晓峰@Fzhu bian yang xiao feng@zeng |
| 210 | @a北京@c中国标准出版社@d2018.09 | |
| 215 | @a259页@c图@d24cm | |
| 320 | @a有书目 (第259页) | |
| 330 | @a本书详细讨论了企业标准自我声明公开和监督制度的各个重要方面, 以便于企业能够懂得和理解政府管理规则的变化, 在写作过程中力求普及并与实践相结合, 尽可能地照顾到不同层次不同专业的读者。本书着眼于从企业应用的视角来系统地剖析企业标准自我声明公开。对各章节结构做了精心的设计和安排, 有较强的逻辑性, 可以循序渐进的逐章学习。 | |
| 510 | 1 | @aPractical guidelines for enterprise standards self-declaration disclosure@zeng |
| 586 | @a | |
| 606 | 0 | @a企业管理@Aqi ye guan li@x标准化管理@j指南 |
| 690 | @aF273.1-62@v5 | |
| 701 | 0 | @a杨晓峰@Ayang xiao feng@4主编 |
| 801 | 0 | @aCN@c20181109 |
| 905 | @a河南城建学院图书馆@dF273.1-62@eY301@f2 | |
| 企业标准自我声明公开实践指南= Practical guidelines for enterprise standards self-declaration disclosure/主编杨晓峰.-北京:中国标准出版社,2018.09 |
| 259页:图;24cm |
| ISBN 978-7-5066-9059-1:CNY58.00 |
| 本书详细讨论了企业标准自我声明公开和监督制度的各个重要方面, 以便于企业能够懂得和理解政府管理规则的变化, 在写作过程中力求普及并与实践相结合, 尽可能地照顾到不同层次不同专业的读者。本书着眼于从企业应用的视角来系统地剖析企业标准自我声明公开。对各章节结构做了精心的设计和安排, 有较强的逻辑性, 可以循序渐进的逐章学习。 |
| ● |
| 相关链接 |
|
|
|
正题名:企业标准自我声明公开实践指南
索取号:F273.1-62/Y301
 
预约/预借
| 序号 | 登录号 | 条形码 | 馆藏地/架位号 | 状态 | 备注 |
| 1 | 1410624 | 214106242 | 社科库409/409社科库 91排4列4层/ [索取号:F273.1-62/Y301] | 在馆 | |
| 2 | 1410625 | 214106251 | 社科库409/409社科库 91排4列4层/ [索取号:F273.1-62/Y301] | 在馆 |